LDR 01112naa#a2200181#i#450# 001 RU\\bibl\20175 005 20260701105915.3 100 ## _a20260630b2026####ek#y0rusy0150####ca 102 ## _aRU 200 1# _aАНАЛИЗ АРХИТЕКТУРНЫХ МОДЕЛЕЙ ИНТЕГРАЦИИ ИСКУССТВЕННОГО ИНТЕЛЛЕКТА, ИНТЕРНЕТА ВЕЩЕЙ И ТЕХНОЛОГИЙ БОЛЬШИХ ДАННЫХ В СОВРЕМЕННЫХ ИНФОРМАЦИОННЫХ СИСТЕМАХ _eСтатья/тезисы конференции 210 1# _aВоронеж _cВоронежский государственный лесотехнический университет имени Г.Ф. Морозова _d2026 215 ## _a9 с. 608 ## _aСтатья/тезисы конференции _2local 675 ## _aИнформационные технологии. Компьютерные технологии. Теория вычислительных машин и систем. 004 _z 700 #1 _aЗанин _gИ. Н. 700 #1 _aАвилов _gЮ. О. 700 #1 _aЗаленская _gН. Ю. 856 4# _abibl.vgltu.ru _u